000
00199 a2200097 4500
020
_a
0590439456
041
_a
eng
100
_a
Shirley Neitzel
245
_a
The jacket i wear in the snow
942
_c
BK
999
_c
11611
_d
11611